000 00538nam a2200169 i 4500
001 140936
003 ES-MaACL
005 20230906200202.0
007 t|
008 070918s1905 sp ||||1| spa d
100 1 _aYoldi y Bereau, Francisco.
_9117658
245 1 0 _aDeterminación gravimétrica de algunos metales al estado de óxido
_b: tesis doctoral /
_cFrancisco Yoldi y Bereau.
260 _aZaragoza :
_bEmilio Casañal,
_c1905.
300 _a55 p. ;
_c21 cm.
650 1 4 _aGravimetría.
_913158
852 _aES-MaACL
_jT-1043-F-6
999 _c140936
_d140936